La caja verde: libro de lectura

Guardado en:
Detalles Bibliográficos
Autor principal: Ansalone, Cecilia R Autora
Otros Autores: Colombo, Fernando Ilustrador Heredia, Liliana S Autora
Formato: Desconocido
Lenguaje:español
Publicado: 2-Buenos Aires,Argentina Editorial Kapelusz 1985
Edición:1ª ed.
Catálogo:MANES:  Resultados de Búsqueda del Catálogo
Clasificación de libros de texto:
Etiquetas: Agregar Etiqueta
Sin Etiquetas, Sea el primero en etiquetar este registro!
Añadido a:2016-04-26

MARC

LEADER 000000000a22000000004500
001 14575
003 OSt
008 160427s sp ||||| |||| 00| 0 spa d
041 1 |a spa 
040 |c centro_manes 
691 7 |a PRI 
100 1 |a Ansalone, Cecilia R  |b Autora  |9 10472 
690 0 |a EyL 
700 1 |a Colombo, Fernando  |b Ilustrador  |9 10473  |a Heredia, Liliana S  |b Autora  |9 10474 
245 0 0 |a La caja verde: libro de lectura 
250 |a 1ª ed. 
260 3 |a 2-Buenos Aires,Argentina  |b Editorial Kapelusz  |c 1985 
300 |a 183 p.  |c 27 x 21 cm. 
500 |a nivel: Libro para cuarto grado.  |a Tema aborigen, leyenda aborigen. El mes de edición del libro es febrero. 
942 |2 ddc  |c BK 
546 |a Argentina 
999 |c 20549  |d 20549 
999 |c manes:20549  |d 20549